Writers with Initials #2 - Statistics

General Stats
  • This quiz has been taken 31 times
  • The average score is 5 of 14
Answer Stats
Forename(s) Whole Name % Correct
John Ronald Reuel J R R Tolkien
96%
David Herbert D H Lawrence
75%
Lucy Maud L M Montgomery
63%
Wystan Hugh W H Auden
58%
Thomas Edward T E Lawrence
50%
Pamela Lyndon P L Travers
42%
Vidiadhar Surajprasad V S Naipaul
29%
Herbert Ernest H E Bates
25%
Charles Percy C P Snow
21%
Cecil Scott C S Forester
17%
James Graham J G Ballard
17%
Henry Louis H L Mencken
8%
John Maxwell J M Coetzee
4%
Christopher John C J Sansom
0%
No matching quizzes found
Score Distribution
Percent of People with Each Score
Percentile by Number Answered
Your Score History
You have not taken this quiz